<?xml version="1.0" encoding="utf-8"?>
<?xml-stylesheet type='text/xsl' href='./oai2.xsl'?>
<OAI-PMH xmlns="http://www.openarchives.org/OAI/2.0/" xmlns:xsi="http://www.w3.org/2001/XMLSchema-instance" xsi:schemaLocation="http://www.openarchives.org/OAI/2.0/ http://www.openarchives.org/OAI/2.0/OAI-PMH.xsd">
  <responseDate>2026-06-06T06:14:26Z</responseDate>
  <request verb="GetRecord" metadataPrefix="marcxml" identifier="record_kuniweb_907349">https://kulturerbe.niedersachsen.de/oai</request>
  <GetRecord>
    <record>
      <header>
        <identifier>record_kuniweb_907349</identifier>
        <datestamp>2026-03-31T19:09:18Z</datestamp>
        <setSpec>slg0186</setSpec>
      </header>
      <metadata>
        <marc:record xmlns:marc="http://www.loc.gov/MARC21/slim" xsi:schemaLocation="http://www.loc.gov/MARC21/slim http://www.loc.gov/standards/marcxml/schema/MARC21slim.xsd">
          <marc:leader>12345nrm  22     uu 4500</marc:leader>
          <marc:controlfield tag="001">907349</marc:controlfield>
          <marc:controlfield tag="003">http://kuniweb.gbv.de</marc:controlfield>
          <marc:controlfield tag="005">2025-07-29T11:07:20</marc:controlfield>
          <marc:controlfield tag="008">|           ||||||||||||||||||||||</marc:controlfield>
          <marc:datafield tag="245" ind1="1" ind2="0">
            <marc:subfield code="a">Flaschenvase "Enghalsform"</marc:subfield>
          </marc:datafield>
          <marc:datafield tag="720" ind1=" " ind2=" ">
            <marc:subfield code="a">Lotte Reimers</marc:subfield>
          </marc:datafield>
          <marc:datafield tag="655" ind1=" " ind2="7">
            <marc:subfield code="a">Kunsthandwerk</marc:subfield>
          </marc:datafield>
          <marc:datafield tag="046" ind1=" " ind2=" ">
            <marc:subfield code="k">2010</marc:subfield>
            <marc:subfield code="k">2010 (Datierung)</marc:subfield>
          </marc:datafield>
          <marc:datafield tag="260" ind1=" " ind2=" ">
            <marc:subfield code="g">2010</marc:subfield>
            <marc:subfield code="g">2010 (Datierung)</marc:subfield>
          </marc:datafield>
          <marc:datafield tag="300" ind1=" " ind2=" ">
            <marc:subfield code="a">Höhe: 23,7 cm
Breite: 14,5 cm
Tiefe: 11 cm</marc:subfield>
          </marc:datafield>
          <marc:datafield tag="520" ind1=" " ind2=" ">
            <marc:subfield code="a">Gebaute, sich nach oben verjüngende Flasche über ovalem Grundriss mit zweifach gestuftem kurzem Hals und unregelmäßig abgerissenem Rand.

Das Gefäß ist auberginefarben glasiert, von der Öffnung laufen auf beiden Hauptseiten eine körnige beige-khakifarbene Glasur herab, die sich auf einer Seite über den Gefäßkörper ergießt. Auf der anderen Seite entsteht der Eindruck eines aufgedrückten Blattes.
 
Heller gesprenkelter Schamotteton.
Glasur: Manganerz, Goldsatinober, Kalkstein (Thüringen), Weinrebenasche.

Brand: E-Ofen, 1260° C und 1255° C (Büttner)

Inschrift:
"LR // 10" (Monogramm und Datierung, unter dem Boden, geritzt)

Aufschrift:
"48" (in Braunschwarz, unter dem Boden)

Veröffentlicht in:
L. Reimers, „Lotte Reimers : Keramiken aus 50 Jahren : Städtisches Museum Braunschweig, Haus am Löwenwall, Ausstellung 22. April - 24. Juli 2016“. Michael Imhof Verlag, Petersberg, 2016. (S. 93, Nr. 66.)</marc:subfield>
          </marc:datafield>
          <marc:datafield tag="650" ind1="1" ind2=" ">
            <marc:subfield code="a">Behältnis, Hülle &gt; Behältnis &gt; Gefäß &gt; Vase</marc:subfield>
          </marc:datafield>
          <marc:datafield tag="650" ind1="1" ind2=" ">
            <marc:subfield code="a">Behältnis, Hülle &gt; Behältnis &gt; Gefäß</marc:subfield>
          </marc:datafield>
          <marc:datafield tag="650" ind1="1" ind2=" ">
            <marc:subfield code="a">Behältnis, Hülle &gt; Behältnis &gt; Gefäß &gt; Flasche</marc:subfield>
          </marc:datafield>
          <marc:datafield tag="650" ind1="1" ind2=" ">
            <marc:subfield code="a">Gebrauchsgegenstand</marc:subfield>
          </marc:datafield>
          <marc:datafield tag="650" ind1="1" ind2=" ">
            <marc:subfield code="a">Zierobjekte</marc:subfield>
          </marc:datafield>
          <marc:datafield tag="773" ind1="0" ind2=" ">
            <marc:subfield code="t">Sammlung Kunstgewerbe</marc:subfield>
          </marc:datafield>
          <marc:datafield tag="852" ind1=" " ind2=" ">
            <marc:subfield code="a">Städtisches Museum Braunschweig</marc:subfield>
          </marc:datafield>
          <marc:datafield tag="852" ind1=" " ind2=" ">
            <marc:subfield code="a">Deidesheim (Rheinland-Pfalz)</marc:subfield>
          </marc:datafield>
          <marc:datafield tag="" ind1=" " ind2=" ">
            <marc:subfield code="a">Urheberrechtsschutz (InC)</marc:subfield>
          </marc:datafield>
        </marc:record>
      </metadata>
    </record>
  </GetRecord>
</OAI-PMH>
